Представление документа в формате RUSMARC

ПолеНазваниеЗначение
  Тип записи a
  Библиографический уровень m
001 Контрольный номер a12116b20b124cf4a9b03cf589a19989
005 Дата корректировки 20161006102033.7
010 Индекс ISBN __
a ISBN 978-5-222-22711-4
d Цена 92,00
101 Язык документа 0_
a Язык текста rus
102 Страна публикации __
a Страна публикации RU
200 Заглавие и сведения об ответственности 1_
a Заглавие Как найти свое призвание и зарабатывать на нем 3000$ в месяц
b Общее обозначение материала Текст
e Сведения, относящиеся к заглавию Пособие
f Первые сведения об ответственности Афонин А. А., Жданов В. Ю.
210 Выходные данные 1_
a Место издания Ростов н/Д
c Издательство Феникс
d Дата издания 2015
215 Физическое описание __
a Объем 62, [1] с.
225 Серия 2_
a Серия Психологический практикум
610 Ключевые слова 0_
a Ключевые слова Призвание
a Ключевые слова психология
686 Индексы других классификаций __
a Классификационный индекс 88
700 Автор _1
a Фамилия Афонин А. А.
701 Альтернативная интеллектуальная ответственность _1
a Фамилия Жданов В. Ю.
801 Источник записи _0
a Страна RU
b Организация РУК
g Правила каталогизации PSBO
801 Источник записи _1
a Страна RU
b Организация РУК
g Правила каталогизации PSBO
852 Данные о местонахождении __
i Авторский знак А 94
j Шифр хранения 88
b Сигла хранения ЧЗ_2
t Номер экземпляра 1
p Инвентарный номер 1800151045
901 Тип документа __
t Тип документа m
937 Технологическая информация __
a Создатель записи (имя) Носкова
938 Служебная информация __
a Название организации Саранский филиал
952 Тип литературы __
c Вид литературы практ. пособие